[Event "5th Cesme Open 2017"]
[Site "Cesme"]
[Date "2017.06.19"]
[Round "1"]
[White "Solodovnichenko, Yuri"]
[Black "Koc, Dogan Mehmet"]
[Result "1-0"]
[WhiteElo "2583"]
[BlackElo "1786"]
[Annotator "TA"]
[PlyCount "41"]
[EventType "swiss"]
[EventCountry "TUR"]

{[%evp 9,41,20,30,28,16,21,20,39,39,38,38,39,51,42,33,30,133,132,236,210,337,348,357,352,413,333,865,737,748,747,731,562,541,556]} 1. e4 c6 2. d4 d5 3. e5 c5 4. dxc5 Nc6 5. Nf3 Bg4 6. c3 {[%cal Bc2c3,Bc3c4][%mdl 32] B12: Caro-Kann: Advance Variation} Bxf3 (6... e6 7. b4 a6 8. Nbd2 Nxe5 9. Qa4+ Nd7 10. Ne5 Ngf6 11. c4 a5 12. Nb3 axb4 13. Qb5 Be7 {0-1 (53) Topalov,V (2760)-Nakamura,H (2779) London 2016}) 7. Qxf3 e6 8. Be3 {The position is equal.} Nxe5 9. Bb5+ Nc6 10. O-O Nf6 11. c4 $36 {[%mdl 2048] Black is under pressure.} a6 12. Ba4 {Hoping for Nc3.} Qa5 {[#]} (12... Rc8 $11) 13. Nc3 $1 $16 {aiming for b4.} O-O-O $146 (13... Be7 $16) ({Predecessor:} 13... Bxc5 14. cxd5 exd5 15. Nxd5 Kf8 16. Bxc6 bxc6 17. Nxf6 {1-0 (17) Mekhitarian,K (2544)-Barreto Junior,W (2195) Florianopolis 2017}) 14. cxd5 $18 Nxd5 (14... Ne5 $142 15. Qg3 Nc4 16. dxe6 Nxe3) 15. Bxc6 bxc6 16. Qxf7 Nxe3 17. Qxe6+ ({Weaker is} 17. fxe3 Qxc5 18. Qxe6+ Kb8 $18) 17... Kc7 $2 (17... Kb8) 18. fxe3 {White wants to mate with Rf7+.White is clearly winning.} Qxc5 19. Rf7+ Kb8 20. Qb3+ Qb4 {[#]} 21. Rxf8 $1 {[%mdl 512] Precision: White = 93%, Black = 38%.} 1-0

[Event "5th Cesme Open 2017"]
[Site "Cesme"]
[Date "2017.06.19"]
[Round "1"]
[White "Nevednichy, Vladislav"]
[Black "Kaya, Enes"]
[Result "1-0"]
[WhiteElo "2533"]
[BlackElo "1807"]
[Annotator "TA"]
[PlyCount "97"]
[EventType "swiss"]
[EventCountry "TUR"]

{[%evp 16,97,20,0,11,5,31,7,14,0,9,0,27,8,55,50,38,45,76,22,136,87,135,142,144,158,140,114,116,110,110,112,148,120,182,169,174,162,169,153,197,183,239,246,225,210,283,275,269,268,291,260,312,301,352,355,473,374,598,584,576,585,583,580,559,555,546,526,724,1124,2249,2040,1997,1927,1763,1746,6713,8929,29970,5081,29983,29981,29980,29981]} 1. c4 e6 2. d4 d5 3. Nc3 Nf6 4. cxd5 exd5 5. Bg5 c6 6. e3 h6 7. Bh4 Be7 8. Bd3 O-O 9. Nf3 {[%cal Bg1f3,Bf3d2,Bd2e4,Be4d6][%mdl 32]} Re8 {D35: Queen's Gambit Declined: Exchange Variation} (9... Ne4 10. Bg3 Bf5 11. Qc2 Bb4 12. O-O Nxg3 13. hxg3 Bxd3 14. Qxd3 Nd7 15. g4 Re8 16. g3 Bxc3 17. bxc3 Nf6 {½-½ (95) Li,C (2720)-Hou,Y (2651) Sharjah 2017}) 10. Bg3 Qb6 $146 ({Predecessor:} 10... Bf8 11. Qc2 Nbd7 12. h3 Qe7 13. Nd2 Qe6 14. Bf5 Qe7 15. O-O g6 16. Bd3 Bg7 {1-0 (46) Javakhishvili,L (2493)-Mamedjarova,Z (2236) Mamaia 2016}) 11. Rb1 Ne4 {The position is equal.} 12. Bxe4 dxe4 13. Nd2 Qa6 14. b4 Qd3 15. Ndxe4 Qxd1+ 16. Kxd1 Bf5 17. Rb3 (17. b5 $16) 17... a5 (17... Nd7 $11) 18. Nd6 axb4 {[#] aiming for ...Bxd6.} 19. Nxf5 bxc3 20. Nxe7+ Rxe7 21. Bxb8 Rxb8 22. Rxc3 $16 {[%mdl 4096] Endgame KRR-KRR} Ra8 23. a3 b5 24. Kd2 Rea7 (24... Ra6 $16 {was worth a try.} 25. Rhc1 Re6) 25. Rxc6 $18 Rxa3 26. Rb1 Rb8 27. Rc3 Ra6 28. Rcb3 Rg6 (28... Ra5 $142 29. e4 Kf8) 29. g3 ({Don't play} 29. Rxb5 $6 Rxb5 30. Rxb5 Rxg2) 29... Rgb6 30. Kc3 Rc6+ 31. Kd3 Rcb6 32. Rb4 Kf8 33. e4 Ke7 34. d5 g5 35. f4 g4 36. Kd4 h5 (36... R6b7 $142 37. e5 h5) 37. Kc5 h4 38. gxh4 Rh6 39. Rxb5 Rc8+ 40. Kd4 Rxh4 41. Rb7+ Ke8 42. Rb8 Kd7 43. R1b7+ Rc7 44. Rxc7+ Kxc7 45. Rf8 Rxh2 46. Rxf7+ Kd8 47. Rg7 Rg2 48. Ke5 g3 49. Ke6 {Precision: White = 71%, Black = 17%.} 1-0

[Event "5th Cesme Open 2017"]
[Site "Cesme"]
[Date "2017.06.19"]
[Round "1"]
[White "Malakhatko, Vadim"]
[Black "Bekiragaoglu, Umut"]
[Result "1-0"]
[WhiteElo "2518"]
[BlackElo "1897"]
[Annotator "TA"]
[PlyCount "83"]
[EventType "swiss"]
[EventCountry "TUR"]

{[%evp 10,83,0,4,0,6,6,-28,-21,-35,-34,-36,-28,-60,-4,-50,-6,-8,0,-49,-41,-99,60,79,142,147,150,74,124,81,152,145,172,181,172,147,143,145,156,155,155,183,164,151,142,138,164,147,161,157,166,161,175,190,203,198,259,248,250,242,393,386,385,383,371,358,510,442,501,476,570,523,611,540,712,710]} 1. c4 e5 2. Nc3 Nc6 3. a3 g6 4. g3 Bg7 5. Bg2 d6 6. d3 {LiveBook: 3 Games. A25: English Opening vs King's Indian with ...Nc6 but without early d3} (6. e3 f5 7. Nge2 Nge7 8. O-O O-O 9. d3 Be6 10. Nd5 Qd7 11. Rb1 Bf7 12. Nxe7+ Qxe7 13. Nc3 Qd7 14. b3 Rab8 15. Bb2 Ne7 {½-½ (15) Cicak,S (2564)-Ovsejevitsch,S (2589) Gau Algesheim 2011}) 6... Be6 7. Nd5 Qd7 8. Qa4 $146 {The position is equal.} ({Predecessor:} 8. Nf3 h6 9. O-O Nd8 10. Re1 c6 11. Nc3 Ne7 12. e4 O-O 13. Be3 f5 14. Qd2 {1-0 (35) Vavrak,P (2286)-Vaculik,M (2144) Saint Vincent 2001}) 8... f5 9. e3 Nf6 10. Ne2 {[%cal Bg1e2,Be2c3,Bc3d5,Bd5b6][%mdl 32]} O-O 11. Nec3 Qf7 ({Better is} 11... e4 $15 12. d4 a6) 12. O-O $11 Nd8 (12... e4 $5) 13. Nxf6+ Bxf6 14. Nd5 Bg7 15. Bd2 {[#]} (15. Qc2 $15) 15... c6 $2 (15... b5 $1 $17 {[%cal Rb5a4]} 16. Qc2 c6) 16. Nb6 $1 $14 {[%cal Rb6a8]} Rb8 (16... axb6 $142 17. Qxa8 e4) 17. Qxa7 $16 Qc7 18. Bc3 (18. Nd5 $142 Bxd5 19. cxd5) 18... Nf7 19. d4 c5 (19... exd4 $142 20. exd4 Ng5) 20. dxc5 Qxc5 21. Bb4 ({Don't blunder} 21. Bxb7 $2 Qc7 $19) 21... Qc7 22. Rfd1 e4 23. Rd2 Rfd8 24. Rad1 Bf8 25. Bc3 Bg7 26. Ba5 Re8 27. Bb4 Red8 28. Qa5 Bf8 29. b3 Ne5 30. Qb5 Nd3 31. Rxd3 exd3 32. Rxd3 Bg7 (32... Qf7 $142 33. Bf3 g5) 33. a4 {[%cal Ba3a4,Ba4a5][%mdl 32]} Be5 34. a5 Bf6 $2 {[#]} (34... Kf7 35. f4 Bg7) 35. Nd5 $18 Bxd5 36. Qxd5+ ({Less strong is} 36. Bxd5+ Kh8 $16) 36... Kh8 37. Bxd6 Qg7 (37... Qxd6 {was necessary.} 38. Qxd6 Rxd6 39. Rxd6 Bc3) 38. c5 {White is clearly winning.} h6 39. h4 Kh7 40. h5 Be7 41. hxg6+ Qxg6 42. Bh3 {Precision: White = 56%, Black = 39%.} 1-0

[Event "5th Cesme Open 2017"]
[Site "Cesme"]
[Date "2017.06.19"]
[Round "1"]
[White "Quparadze, Giga"]
[Black "Altunbay, Onder"]
[Result "1-0"]
[WhiteElo "2509"]
[BlackElo "1787"]
[Annotator "TA"]
[PlyCount "73"]
[EventType "swiss"]
[EventCountry "TUR"]

{[%evp 16,73,39,33,47,48,71,56,62,56,67,57,133,134,183,208,192,174,183,174,179,177,256,190,182,172,175,187,186,173,181,159,170,178,168,161,195,197,242,210,314,299,348,341,358,360,369,349,421,416,416,411,465,377,487,480,645,646,2054,907]} 1. e4 c5 2. Nf3 {[%cal Bg1f3,Bf3d4,Bd4e2,Be2g3,Bg3f5][%mdl 32]} d6 3. d4 cxd4 4. Nxd4 Nf6 5. Nc3 a6 6. h3 e5 7. Nde2 Be7 8. g4 {B90: Sicilian Najdorf: Unusual White 6th moves, 6 Be3 Ng4 and 6 Be3 e5} h6 (8... O-O 9. Be3 Nbd7 10. Ng3 b5 11. g5 Ne8 12. h4 Bb7 13. Nd5 Bxd5 14. Qxd5 Nc7 15. Qd2 Ne6 {1-0 (42) Swiercz,D (2629)-Kempinski,R (2647) Poland 2015}) 9. Bg2 {LiveBook: 11 Games} Qc7 10. O-O {White is slightly better.} Nbd7 $146 ({Predecessor:} 10... b5 11. Ng3 g6 12. Be3 Be6 13. Qd2 h5 14. g5 Nfd7 15. Nd5 Bxd5 16. exd5 {½-½ (28) Montufar Berrios,L (1897)-Meza Rubio,C (1748) Santa Cruz 2015}) 11. Ng3 Nb6 12. a4 {[%cal Ba2a4,Ba4a5][%mdl 32]} Be6 13. Nf5 Bxf5 ({Black should play} 13... Bf8 $14) 14. exf5 $16 O-O-O {[#]} 15. a5 $1 {[%cal Ra5b6]} Nbd7 16. Be3 Kb8 17. Nd5 Nxd5 18. Qxd5 Rhf8 (18... Bg5 $142) 19. Ra4 {aiming for Rb4.} Nf6 20. Qb3 d5 21. Bb6 Qd7 22. Bxd8 Rxd8 23. Rd1 Qb5 24. Qxb5 axb5 25. Raa1 e4 26. c3 Ne8 27. Kf1 Kc7 (27... Nf6 $142 28. f3 Re8) 28. f3 $18 exf3 29. Bxf3 Nf6 30. Rd3 Kc6 31. Rad1 g5 32. fxg6 fxg6 33. Re1 Rd7 34. b3 Kc5 35. Re6 {White is clearly winning.} b4 {[#]} 36. c4 $1 d4 (36... dxc4 37. Re5+) 37. Rb6 {Precision: White = 91%, Black = 27%.} (37. a6 $142 Bd6 38. a7) 1-0

[Event "5th Cesme Open 2017"]
[Site "Cesme"]
[Date "2017.06.19"]
[Round "1"]
[White "Gleizerov, Evgeny"]
[Black "Altun, Arda"]
[Result "1-0"]
[WhiteElo "2507"]
[BlackElo "1866"]
[Annotator "TA"]
[PlyCount "93"]
[EventType "swiss"]
[EventCountry "TUR"]

{[%evp 26,93,145,152,138,143,133,102,103,102,102,102,102,97,97,104,114,114,117,117,145,103,104,115,136,127,192,129,129,125,123,89,97,90,92,90,97,88,86,93,29959,64,11582,29960,4810,190,196,179,186,190,193,170,202,69,88,8,8,8,8,8,8,8,29964,12499,29970,29970,29972,29973,29973,29972]} 1. d4 Nf6 2. c4 e6 3. g3 b6 4. Bg2 d5 5. cxd5 exd5 6. Nc3 Bb7 7. Nf3 Be7 8. O-O O-O 9. Ne5 Nbd7 10. Qa4 Nxe5 11. dxe5 Ne8 12. Nxd5 {E18: Queen's Indian: Old Main Line (4 g3 Bb7 5 Bg2 Be7 6 0-0 0-0 7 Nc3)} Bxd5 13. Rd1 c6 14. e4 $1 {[%cal Re4d5] LiveBook: 4 Games. White is clearly better.} Nc7 15. exd5 cxd5 16. Qb3 Bc5 17. Bxd5 Nxd5 18. Rxd5 Qe7 19. Bf4 Rad8 20. Rad1 $146 g5 {Threatens to win with ...Rxd5.} 21. Bc1 h6 22. Kg2 Kg7 23. Qf3 Rxd5 24. Qxd5 Re8 25. b3 f6 (25... Qe6 $16 26. Qxe6 fxe6) 26. exf6+ ({Better is} 26. b4 $1 $18 Bxb4 27. Qb5) 26... Qxf6 $16 27. Rd2 Kg6 28. Bb2 Qf5 29. Qc6+ Re6 30. Qa8 g4 31. h3 gxh3+ 32. Kh2 {Qg8+ is the strong threat.} Bb4 $2 {[%mdl 8192]} (32... Bf8 $16) 33. Qg8+ Kh5 {[#]} 34. g4+ $1 {[%mdl 512]} Qxg4 35. Qxg4+ $2 (35. Qf7+ Rg6 36. Rd5+ Kh4 37. Rd4 Qxd4 38. Bxd4 Rg2+ 39. Kh1) 35... Kxg4 $18 {[%mdl 4096] Endgame KRB-KRB} 36. Rd4+ Kf3 37. Rxb4 {And now Ra4 would win.} Kxf2 38. Kxh3 {Strongly threatening Ra4. KRB-KR} Kf3 {Threatening ...Re1.} 39. Bc1 (39. Bc3 $1 $18) 39... Re4 {[#]} 40. Bd2 (40. Rb5 $1 $16 {[%cal Rb5f5]} Re1 41. Rf5+ Ke4 42. Rf4+ Ke5 43. Rc4) 40... Rxb4 $11 41. Bxb4 {KB-K3P} Ke4 42. Bd6 {Black must now prevent Bb8.} Kd3 43. Bb8 a6 $2 {[%mdl 8192] [#]} (43... a5 $11) 44. Bc7 $1 {[%cal Rc7b6]} Kc3 45. Bxb6 {White mates.} Kb2 46. b4 Kxa2 47. Ba5 {Precision: White = 60%, Black = 55%.} 1-0

[Event "5th Cesme Open 2017"]
[Site "Cesme"]
[Date "2017.06.19"]
[Round "1"]
[White "Maghalashvili, Davit"]
[Black "Yolcu, Anil"]
[Result "1-0"]
[WhiteElo "2490"]
[BlackElo "1833"]
[Annotator "TA"]
[PlyCount "53"]
[EventType "swiss"]
[EventCountry "TUR"]

{[%evp 24,53,41,27,42,43,45,62,81,81,81,51,171,164,175,180,389,358,354,373,460,472,476,466,565,530,997,923,906,898,1614,1556]} 1. Nf3 Nf6 2. g3 g6 3. c4 Bg7 4. Bg2 O-O 5. O-O d6 6. d4 {[%cal Bd2d4,Bd4d5][%mdl 32]} Nc6 7. Nc3 Bf5 8. d5 Na5 9. Nd4 Bd7 10. b3 c5 11. dxc6 Nxc6 12. Bb2 Rb8 13. Qd2 Qb6 $146 {E60: King's Indian: Unusual lines and Fianchetto Variation without Nc3} ({Predecessor:} 13... Qa5 14. Rfd1 Rfe8 15. Rac1 Qh5 16. Nd5 Nxd5 17. Bxd5 Nxd4 18. Bxd4 Bxd4 19. Qxd4 b6 20. Qe3 Rbd8 21. Rd4 Qe5 22. Qxe5 dxe5 23. Rd2 Bh3 24. Rcd1 Kg7 25. Bg2 Rxd2 26. Rxd2 Be6 27. Kf1 f5 28. Bc6 {½-½ (26) Petrov,N (2509)-Socko,M (2455) Graz 2017}) 14. Nc2 Rfc8 15. e4 {[%cal Be2e4,Be4d5,Bd5e6][%mdl 32]} Ne5 {White is slightly better.} 16. Ne3 Bh6 17. Rfe1 Bg4 (17... Neg4 $1 $14) 18. Ncd5 $18 Nxd5 19. exd5 a5 $2 (19... Bd7 20. Bd4 Qd8) 20. Bd4 Qc7 {[#]} 21. f4 $1 Nf3+ 22. Bxf3 $1 {White is clearly winning.} Bxf3 23. Qf2 e5 24. dxe6 ({Not} 24. Qxf3 exd4 25. Ng4 Bg7 $11) 24... Bc6 25. Ng4 Bg7 26. Bxg7 {[#] Threatening mate with Qd4.} f5 27. Bc3 1-0

[Event "5th Cesme Open 2017"]
[Site "Cesme"]
[Date "2017.06.19"]
[Round "1"]
[White "Khamrakulov, Djurabek"]
[Black "Aydemir, Deniz"]
[Result "1-0"]
[WhiteElo "2478"]
[BlackElo "1740"]
[Annotator "TA"]
[PlyCount "88"]
[EventType "swiss"]
[EventCountry "TUR"]

{[%evp 39,88,22,47,39,105,105,105,105,105,105,149,138,140,129,155,155,247,245,266,202,317,320,327,321,547,554,554,556,548,543,530,532,520,479,787,747,1908,1814,5193,4686,1713,1842,29971,29967,29978,29979,29979,29980,29981,29982,29985]} 1. e4 e6 2. d4 d5 3. Nd2 Nf6 4. e5 Nfd7 5. Bd3 c5 6. c3 Nc6 7. Ne2 cxd4 8. cxd4 f6 9. exf6 Nxf6 10. Nf3 Bd6 11. O-O O-O 12. Bf4 Bxf4 13. Nxf4 Ne4 14. Qc1 Ng5 15. Nxg5 Qxg5 16. Bxh7+ Kxh7 {C06: French Tarrasch: 3...Nf6 4 e5 Nfd7 5 Bd3 main lines} 17. Nxe6 Qxc1 18. Nxf8+ Kg8 19. Raxc1 Kxf8 20. Rfe1 Bf5 {LiveBook: 6 Games} 21. f3 ({Predecessor:} 21. Re3 Re8 22. Rxe8+ Kxe8 23. f3 Kd7 24. Kf2 {1-0 (34) Neimer,V (2350)-Tejas,R (2203) Jerusalem 2009}) 21... Re8 $146 ({Black should play} 21... Kf7 $14) (21... Kf7 22. g4 Nxd4 23. Kf2 Be6 24. Rc7+ {1-0 (32) Adams,M (2742)-Jedynak,R (2427) Douglas 2015}) 22. Rxe8+ $16 Kxe8 23. Kf2 Ke7 24. Ke3 Kd6 25. Rd1 Bc2 26. Re1 b5 27. h4 {[%cal Bh2h4,Bh4h5][%mdl 32]} b4 (27... Bh7 $16 28. h5 Nb4) 28. h5 a5 29. Rc1 Bh7 (29... Bf5 {might work better.} 30. g4 Be6) 30. b3 $18 Na7 31. g4 Nb5 $2 {[#]} (31... Nc6 {keeps fighting.} 32. Rh1 Kd7) 32. Rc5 Na3 33. Rxa5 Nc2+ 34. Kf2 Nxd4 35. Ra7 Ne6 {[#]} 36. h6 $1 {[%mdl 512]} Bb1 (36... Ke5 $142 37. hxg7 Kf6) (36... gxh6 37. Rxh7) 37. hxg7 Nxg7 38. Rxg7 Bxa2 {[%mdl 4096] Endgame KR-KB} 39. Rb7 Kc5 40. g5 {[%cal Bg4g5,Bg5g6,Bg6g7][%mdl 32]} Bxb3 41. g6 {White mates.} d4 42. g7 Bd5 43. Rb8 Kc4 44. Ke2 Kc3 {Precision: White = 98%, Black = 24%.} 1-0

[Event "5th Cesme Open 2017"]
[Site "Cesme"]
[Date "2017.06.19"]
[Round "1"]
[White "Morchiashvili, Bachana"]
[Black "Ertas, Deniz"]
[Result "1-0"]
[WhiteElo "2403"]
[BlackElo "1761"]
[Annotator "ChessBase"]
[PlyCount "52"]
[EventType "swiss"]
[EventCountry "TUR"]
[TimeControl "5400+30"]

1. d4 {[%emt 0:00:30] 63} g6 {[%emt 0:00:00] 63} 2. e4 {[%emt 0:00:00] 63} Bg7 {[%emt 0:00:30] 63} 3. c4 {[%emt 0:00:00] ]63} c5 {[%emt 0:00:30] ]63} 4. d5 {[%emt 0:00:30] ]63} d6 {[%emt 0:00:00] 66} 5. h3 {[%emt 0:01:30] ]6} Nf6 {[%emt 0:01:00] ]6} 6. Bd3 {[%emt 0:00:30] ]6} e6 {[%emt 0:03:30] 6]} 7. Nf3 {[%emt 0:00:30] ]6} O-O {[%emt 0:00:30] ]6} 8. O-O {[%emt 0:00:30] ]6} Re8 {[%emt 0:08:30] ]6} 9. Nc3 {[%emt 0:00:30] ]6} a6 {[%emt 0:02:30] ]6} 10. a4 {[%emt 0:06:30] ]6} exd5 {[%emt 0:07:30] ]6} 11. cxd5 {[%emt 0:00:30] ]6} Nbd7 {[%emt 0:06:30] ]} 12. Bf4 {[%emt 0:02:30] ]]} Ne5 {[%emt 0:04:30] ]]} 13. Nxe5 {[%emt 0:00:30] ]]} dxe5 {[%emt 0:00:00] ]]} 14. Be3 {[%emt 0:00:00] ]]} Qd6 {[%emt 0:02:00] ]]} 15. Qc2 {[%emt 0:06:00] ]]} Bd7 {[%emt 0:03:30] ]]} 16. Nb1 {[%emt 0:01:30] ]]} Rac8 {[%emt 0:07:30] ]]} 17. Na3 {[%emt 0:00:30] ]]} Nh5 {[%emt 0:04:30] ]]} 18. Qb3 {[%emt 0:09:30] ]]} Nf4 {[%emt 0:08:30] ]]} 19. Nc4 {[%emt 0:01:30] ]]]} Qf6 {[%emt 0:02:30] [%clk 0:36]0]} 20. Qxb7 {[%emt 0:13:30] %%c} Nxh3+ {[%emt 0:20:54] kk} 21. gxh3 {[%emt 0:02:30] ]]} Qd6 {[%emt 0:00:40] kk} 22. Qb3 {[%emt 0:00:30] 6]} Qf6 {[%emt 0:00:30] kk} 23. Qb7 {[%emt 0:00:00] 6 [%clk 0:49:0]} Bxh3 {[%emt 0:05:27] cc} 24. f3 {[%emt 0:03:00] 9]} Bxf1 {[%emt 0:02:04] cc} 25. Rxf1 {[%emt 0:00:30] 5]} Qh4 {[%emt 0:01:49]} 26. Kg2 {[%emt 0:02:30] 3]} Rb8 {[%emt 0:04:21]} 1-0

[Event "5th Cesme Open 2017"]
[Site "Cesme"]
[Date "2017.06.13"]
[Round "1"]
[White "Rzayev, Bahruz"]
[Black "Aydin, Akin"]
[Result "1-0"]
[WhiteElo "2392"]
[BlackElo "1726"]
[Annotator "TA"]
[PlyCount "57"]
[EventType "swiss"]
[EventCountry "TUR"]

{[%evp 15,57,-13,-1,-25,0,15,12,0,22,37,42,52,64,77,59,50,256,262,248,249,639,635,635,632,620,607,598,541,508,220,784,760,1912,750,730,735,726,711,697,679,924,864,1285,1159]} 1. e4 e6 2. b3 d5 3. Bb2 dxe4 4. Nc3 Nf6 5. Qe2 Be7 6. O-O-O O-O 7. Nxe4 {C00: French: Unusual White 2nd moves} a5 8. a4 Nc6 {LiveBook: 3 Games} 9. f4 $146 {The position is equal.} ({Predecessor:} 9. Nf3 b6 10. Nxf6+ Bxf6 11. Qe4 Bb7 12. Bb5 Bxb2+ 13. Kxb2 Qd6 {½-½ (80) Tsolakidou,S (2363)-Avramidou,A (2244) Prague 2016}) 9... Bd7 10. Nf3 Nb4 11. Ne5 Be8 12. Nxf6+ Bxf6 13. g4 {[%cal Bg2g4,Bg4g5][%mdl 32]} b5 14. g5 $1 {[%cal Rg5f6]} Be7 15. Ng4 $1 $36 {[%mdl 2048] Black must now prevent Qe5. White has some pressure.} Qd5 $2 {[#]} (15... Qd6 $14) 16. Bg2 $1 $18 {[%cal Rg2d5,Bf1g2,Bg2a8,Ba8e4][%mdl 32]} Qc5 {[%csl Gb4][%cal Rc5c2]} 17. d4 Na2+ $2 (17... Qa7 18. Bxa8 (18. axb5 a4 $16) 18... Qxa8) 18. Kb1 Nc3+ 19. Bxc3 $1 Qxc3 20. Rd3 (20. Bxa8 $2 {leads to mate.} Ba3 21. Nf6+ gxf6 22. gxf6 Qb2#) 20... Qb4 21. Bxa8 bxa4 22. Qe1 (22. Rh3 $142) 22... Qb6 $2 {[#]} (22... Bb5) 23. Be4 {White is clearly winning.} axb3 24. cxb3 f5 25. gxf6 $1 Bxf6 26. Nxf6+ Rxf6 27. d5 Ba4 28. Qe3 Qb5 29. Ka1 {Precision: White = 63%, Black = 19%.} 1-0

[Event "5th Cesme Open 2017"]
[Site "Cesme"]
[Date "2017.06.19"]
[Round "1"]
[White "Rahmanov, Shahriyar"]
[Black "Taspinar, Yanki"]
[Result "1-0"]
[WhiteElo "2353"]
[BlackElo "1580"]
[Annotator "TA"]
[PlyCount "95"]
[EventType "swiss"]
[EventCountry "TUR"]

{[%evp 24,95,13,-2,0,-12,2,6,33,18,61,40,52,30,160,133,137,134,142,91,167,179,197,203,212,152,221,235,226,210,206,205,240,182,172,173,196,203,288,251,257,258,313,317,308,267,883,873,815,853,783,721,891,891,864,891,1458,1437,1563,1563,6628,5406,12835,12834,29980,29981,29990,29991,29991,29992,29992,29993,29993,29994]} 1. e4 e5 2. Nf3 Nc6 3. Bc4 Nf6 4. Ng5 d5 5. exd5 Na5 6. Bb5+ c6 7. dxc6 bxc6 8. Be2 h6 9. Nf3 e4 10. Ne5 Bd6 11. d4 exd3 12. Nxd3 Qc7 13. Nd2 O-O {C59: Two Knights: 4 Ng5 d5 5 exd5 Na5 5 Bb5+ c6 6 dxc6 bxc6 7 Be2} 14. h3 (14. b4 Nd5 15. Bb2 Nxb4 16. Nxb4 Bxb4 17. O-O Bf5 18. Bd3 Bxd3 19. cxd3 Rab8 20. Nf3 Rfd8 21. Qc2 {½-½ (33) Ninov,N (2493)-Klima,L (2446) Pardubice 2005}) 14... Re8 (14... c5 $5 {[%cal Rc5c4]} 15. b3 c4 16. bxc4 Bf5 $11) 15. O-O $1 c5 {The position is equal.} 16. b3 (16. Bf3 $5 {[%cal Rf3a8]} Rb8 17. b3 $11) 16... Bb7 $146 ({Predecessor:} 16... Bf5 17. Bf3 Rad8 18. Re1 Rxe1+ 19. Qxe1 c4 20. Nxc4 Nxc4 21. bxc4 Qxc4 {0-1 (41) Williams,J-Van Buskirk,C (2311) Costa Mesa 2003}) 17. Bb2 {Black must now prevent Bxf6.} Nd5 18. Bf3 Nf4 (18... c4 $11 {remains equal.} 19. Nxc4 Nxc4 20. bxc4 Qxc4) 19. Nxf4 Bxf4 20. Bxb7 Nxb7 21. Nc4 ({White should play} 21. Qg4 {[%csl Gb2][%cal Rg4g7]} Bh2+ 22. Kh1) 21... Re6 (21... Nd6 $16) 22. Re1 $18 Rg6 23. Qf3 $40 {[%mdl 128] White has strong attack.} Rd8 24. Re4 Bd6 (24... Bh2+ $16 25. Kh1 Nd6) 25. Rae1 Qc6 26. R4e3 Qxf3 27. Rxf3 Bf8 28. Kf1 Ra6 29. a4 Nd6 30. Rd3 Re8 (30... Rc8 {is a better defense.}) 31. Nxd6 Rxe1+ 32. Kxe1 Rxd6 33. Rxd6 Bxd6 {[%mdl 4096] Endgame KB-KB} 34. Kd2 f6 $2 {[#]} (34... c4 35. bxc4 f6) 35. Kd3 Kf7 36. Kc4 Ke6 37. Ba3 a6 38. Bxc5 Bc7 39. b4 g6 40. a5 {[%cal Ba4a5,Ba5a6][%mdl 32]} Kd7 41. Kd5 Bd8 42. c4 h5 43. Bb6 Be7 44. b5 {White mates.} axb5 45. a6 Kc8 46. Kc6 Kb8 47. Bc7+ Ka7 48. cxb5 {Precision: White = 82%, Black = 17%.} 1-0

[Event "5th Cesme Open 2017"]
[Site "Cesme"]
[Date "2017.06.19"]
[Round "1"]
[White "Unlu, Alp Bugra"]
[Black "Baklan, Vladimir"]
[Result "0-1"]
[WhiteElo "1887"]
[BlackElo "2606"]
[Annotator "TA"]
[PlyCount "58"]
[EventType "swiss"]
[EventCountry "TUR"]

{[%evp 12,58,25,0,0,2,20,18,18,-8,-7,-15,-15,-81,-80,-158,-185,-402,-387,-389,-367,-385,-404,-421,-395,-623,-507,-507,-510,-497,-503,-552,-544,-545,-545,-586,-524,-525,-516,-499,-472,-524,-507,-538,-548,-547,-539,-531,-516]} 1. e4 c5 2. Nf3 Nc6 3. d4 cxd4 4. Nxd4 Nf6 5. Nc3 d6 6. f3 e5 7. Nde2 Be7 {B56: Classical Sicilian: Unusual Lines} (7... Be6 8. Be3 Be7 9. Nd5 Bxd5 10. exd5 Qa5+ 11. Nc3 Nb4 12. Bb5+ Kf8 13. Bc4 Rc8 14. a3 Nxc2+ 15. Qxc2 Rxc4 {½-½ (35) Millstone,M (2464)-Figlio,G (2397) ICCF email 2011}) 8. Be3 O-O 9. Qd2 Qa5 $146 {The position is equal.} ({Predecessor:} 9... Be6 10. O-O-O a5 11. Nd5 Bxd5 12. exd5 Nb4 13. Nc3 Rc8 14. Kb1 Ra8 15. Bb5 {1-0 (73) Carmesin,M (1794)-Schmidt,J (2012) Dresden 2009}) 10. g4 Be6 11. g5 Nd7 {[%cal Bf6d7,Bd7b6,Bb6c4,Bc4e3,Be3c2][%mdl 32]} 12. Ng3 {[#]} (12. h4 $11 {remains equal.}) 12... Nd4 $1 $17 {[%mdl 512]} 13. Bg2 {[#]} (13. Be2 $142) (13. Bxd4 exd4) 13... Nb6 $1 $36 {[%cal Rb6c4][%mdl 2048] ...Nc4 is the strong threat. White is under strong pressure.} 14. O-O $2 (14. b3) 14... Nc4 $1 $19 {[%csl LRb2,LRd2]} 15. Qc1 Nxc2 16. Qxc2 {Black must now prevent Bc1.} Nxe3 17. Qd2 Bxg5 18. Rfe1 (18. Rf2 $142) 18... Qb6 {Black is clearly winning.} 19. Qf2 Nc2 20. Qxb6 axb6 21. Kf2 Nxa1 22. Rxa1 {[#]} b5 $1 23. Nxb5 Rxa2 24. Rxa2 Bxa2 25. Nf5 Rd8 26. h4 Bf6 27. Kg3 d5 28. Nc3 Bb3 29. exd5 Bxd5 {Precision: White = 33%, Black = 91%.} 0-1